Il tuo nome scritto nell'acqua /

Guardat en:
Dades bibliogràfiques
Autor principal: González Frei, Irene (Autor)
Altres autors: Garfo, Anna Cecilia
Format: Llibre
Idioma:italià
Publicat: Parma : Guanda, [1997]
Col·lecció:Narratori della fenice
Etiquetes: Afegir etiqueta
Sense etiquetes, Sigues el primer a etiquetar aquest registre!

MARC

LEADER 00000nam a22000007i 4500
001 IT\ICCU\LO1\0427338
003 ItRI
005 20260115231929.0
008 970409s1997 it |||||| ||||| |||||c
020 |a 8877468815 
040 |b ita  |c importazione bologna sebina 
041 7 |a ita  |2 ISO-639-2 
082 |a 863  |9 NARRATIVA SPAGNOLA  |2 19 
100 1 |a González Frei, Irene  |0 IT\ICCU\LO1V\160789  |4 aut 
240 1 0 |a Tu nombre escrito en el agua.  |3 IT\ICCU\LO1\0427339  |9 González Frei, Irene 
245 1 3 |a Il tuo nome scritto nell'acqua /  |c Irene González Frei ; traduzione di Anna Cecilia Garfo. 
260 |a Parma :  |b Guanda,  |c [1997] 
300 |a 211 p. ;  |c 22 cm. 
700 1 |a Garfo, Anna Cecilia  |0 IT\ICCU\PALV\047369 
830 0 |a Narratori della fenice  |0 IT\ICCU\ANA\0226784 
942 |2 ddc  |c BK  |n 0 
952 |0 0  |1 0  |4 0  |6 L_869_930000000000000_GON  |7 0  |9 16895  |a BO  |b BO  |d 2026-01-15  |i 3839  |l 0  |o L 869.93 GON  |p BO3839  |r 2026-01-15 23:19:29  |w 2026-01-15  |x [Sebina 5] [1 v.]  |y BK  |z 1 v. 
999 |c 14432  |d 14432